000 004910000a22001690004500
003 LK-CoMWRAF
008 230817t1995 ||||| |||| 00| 0 eng d
040 _aLK-CoMWRAF
_dLK-CoMWRAF
_eLK-CoMWRAF
041 _aeng
082 _a390
_bSMI
245 _aWomen and Non-traditional Vocational Training and Work _ From a Gender Persrective
_b
260 _aSri Lanka
_bGender and Development Unit
_c1995
300 _ap.51
650 _aTraining Manual
650 _aVocational Training
942 _cBK
999 _c69
_d69